| 000 | 00700nas1a22002531i 4500 | ||
|---|---|---|---|
| 001 | RU\NLR\INFOCOMM_39\5000123903 | ||
| 005 | 20240726065433.0 | ||
| 035 | _a(NLR Aleph) 004038959 | ||
| 090 |
_a2872877 _c2872877 |
||
| 100 | _a20060424c1876 |||y0rusy50 ba | ||
| 101 | 0 | _afre | |
| 102 | _aRU | ||
| 110 | _aayuz|||0|y| | ||
| 200 | 1 |
_aBulletin du Congrès International des Orientalistes _eSession à St. Pétersbourg |
|
| 207 | 0 | _a1876 | |
| 210 |
_aSt.-Pétersbourg _d1876 |
||
| 215 | _d8° | ||
| 712 | 0 | 2 |
_aCongrès International des Orientalistes _4570 |
| 801 | 1 |
_aRU _bInfoComm _c20060424 |
|
| 801 | 0 |
_aRU _bNLR _gPSBO |
|
| 852 |
_aNLR _j14.23.6.32 |
||
| 942 | _cJOURNAL | ||
| 980 | _aINPER | ||